Größte Städte Österreichs nach Bevölkerungsentwicklung - Statistiken

Allgemein
  • Dieses Quiz wurde 47 mal gespielt
  • Das Durchschnittsergebnis liegt bei 8 aus 20
Antwortstatistiken
Rang Stadt Prozentwert % Korrekt
2 Wien +11,49%
97%
3 Graz +11,21%
82%
7 Linz +8,80%
58%
15 Salzburg +5,72%
53%
6 Innsbruck +10,32%
50%
9 Klagenfurt +7,22%
42%
8 Dornbirn +8,60%
37%
1 Leonding +13,08%
37%
10 St. Pölten +6,85%
37%
4 Wiener Neustadt +10,94%
37%
11 Bregenz +6,76%
34%
19 Steyr -0,39%
32%
14 Villach +6,00%
32%
17 Baden +3,45%
29%
5 Feldkirch +10,56%
29%
12 Wels +6,62%
29%
18 Wolfsberg +0,18%
24%
13 Klosterneuburg +6,47%
21%
16 Krems an der Donau +3,51%
21%
20 Leoben -0,52%
18%
Keine übereinstimmenden Quizze gefunden
Verteilung der Resultate
Anzahl Personen mit jedem Resultat
Perzentil nach korrekt beantworteten Fragen
Ihre Resultats-Entwicklung
Sie haben dieses Quiz noch nicht gespielt